[Event "16. Open Ciutat de Montcada 2008"]
[Site "Montcada i Reixac ESP"]
[Date "2008.06.25"]
[Round "1.1"]
[White "Bruzon Batista, Lazaro"]
[Black "Rios, Alejandro"]
[Result "1-0"]
[WhiteElo "2608"]
[BlackElo "2349"]
[PlyCount "57"]
[EventDate "2008.06.25"]
[EventType "swiss"]
[EventRounds "9"]
[EventCountry "ESP"]
[Source "lmi"]
[SourceDate "2008.06.25"]

1. e4 e5 2. Nf3 Nc6 3. Bb5 a6 4. Ba4 d6 5. O-O Nge7 6. d4 Bd7 7. Bb3 h6 8. c3
Ng6 9. Nbd2 Be7 10. Nc4 O-O 11. Ne3 Nh4 12. Nxh4 Bxh4 13. g3 Bf6 14. dxe5 dxe5
15. Qh5 Qc8 16. f4 Be6 17. Nd5 Bd8 18. f5 Bxd5 19. Bxd5 Bf6 20. Bxh6 Ne7 21.
Be3 Nxd5 22. exd5 Qd7 23. g4 Qxd5 24. g5 g6 25. Rad1 Qe4 26. Qh3 Be7 27. f6 Bd8
28. Rf3 Qc2 29. Rdf1 1-0

[Event "16. Open Ciutat de Montcada 2008"]
[Site "Montcada i Reixac ESP"]
[Date "2008.06.25"]
[Round "1.2"]
[White "Llaneza Vega, Patricia"]
[Black "Lopez Martinez, Josep Manuel"]
[Result "0-1"]
[WhiteElo "2283"]
[BlackElo "2575"]
[PlyCount "80"]
[EventDate "2008.06.25"]
[EventType "swiss"]
[EventRounds "9"]
[EventCountry "ESP"]
[Source "lmi"]
[SourceDate "2008.06.25"]

1. e4 c6 2. d4 d5 3. Nc3 dxe4 4. Nxe4 Bf5 5. Ng3 Bg6 6. Nf3 Nd7 7. h4 h6 8. h5
Bh7 9. Bd3 Bxd3 10. Qxd3 e6 11. Bd2 Ngf6 12. O-O-O Be7 13. Ne4 Qc7 14. Kb1 Rd8
15. Nxf6+ Nxf6 16. Qe2 c5 17. g4 cxd4 18. g5 hxg5 19. Nxg5 Rd5 20. Rde1 Qc6 21.
f4 Rf5 22. Qd3 Rxh5 23. Rxh5 Nxh5 24. Qxd4 Qd7 25. Nf3 Qxd4 26. Nxd4 Rd5 27.
Nb3 g6 28. Rf1 b5 29. c3 Bd6 30. Kc2 a6 31. Rf2 Kd7 32. Nc1 Ng3 33. Rf3 Ne4 34.
Be3 Rf5 35. Kd3 Nf6 36. Ke2 Ng4 37. Bd2 e5 38. fxe5 Rxf3 39. Kxf3 Nxe5+ 40. Ke4
Nc4 0-1

[Event "16. Open Ciutat de Montcada 2008"]
[Site "Montcada i Reixac ESP"]
[Date "2008.06.25"]
[Round "1.3"]
[White "Moskalenko, Viktor"]
[Black "Garcia Jimenez, Francisco Javie"]
[Result "1-0"]
[WhiteElo "2572"]
[BlackElo "2274"]
[PlyCount "93"]
[EventDate "2008.06.25"]
[EventType "swiss"]
[EventRounds "9"]
[EventCountry "ESP"]
[Source "lmi"]
[SourceDate "2008.06.25"]

1. d4 d5 2. c4 c6 3. Nf3 Nf6 4. Nc3 a6 5. e3 b5 6. c5 Bg4 7. Qb3 Nbd7 8. a4 e5
9. Qa3 Rc8 10. axb5 axb5 11. Be2 Ne4 12. h3 Bh5 13. Qa5 Qxa5 14. Rxa5 Nxc3 15.
bxc3 Bxf3 16. Bxf3 Be7 17. O-O e4 18. Be2 Bd8 19. Ra6 O-O 20. f3 Nf6 21. Bd2
Re8 22. f4 g6 23. g4 h5 24. Be1 hxg4 25. hxg4 Kg7 26. Bg3 Ng8 27. Kf2 f6 28.
Rfa1 Ne7 29. Ra7 Bc7 30. Rb7 Bb8 31. f5 Bxg3+ 32. Kxg3 g5 33. Raa7 Kf8 34. Rd7
Kf7 35. Kf2 Kf8 36. Ke1 Kf7 37. Kd2 Kf8 38. Kc2 Kf7 39. Kb3 Kf8 40. Kb4 Kf7 41.
Ka5 Kf8 42. Ka6 Kf7 43. Bd1 Kf8 44. Bc2 Kf7 45. Bb3 Kf8 46. Rd6 Kf7 47. Re6 1-0

[Event "16. Open Ciutat de Montcada 2008"]
[Site "Montcada i Reixac ESP"]
[Date "2008.06.25"]
[Round "1.4"]
[White "Burgos Figueroa, Carlos E"]
[Black "Peralta, Fernando"]
[Result "1/2-1/2"]
[WhiteElo "2259"]
[BlackElo "2546"]
[PlyCount "59"]
[EventDate "2008.06.25"]
[EventType "swiss"]
[EventRounds "9"]
[EventCountry "ESP"]
[Source "lmi"]
[SourceDate "2008.06.25"]

1. e4 d6 2. d4 Nf6 3. Nc3 g6 4. Be2 Bg7 5. h4 c5 6. dxc5 Qa5 7. cxd6 Nxe4 8.
dxe7 Nc6 9. Kf1 Nxc3 10. bxc3 Nxe7 11. Bg5 h6 12. Bd2 O-O 13. Qc1 h5 14. Nf3
Bg4 15. Rb1 Bxc3 16. Bxc3 Qxc3 17. Rxb7 Rfe8 18. Qb2 Qc6 19. Kg1 Nf5 20. Ng5
Rxe2 21. Nxf7 Re7 22. Rxe7 Nxe7 23. Nh6+ Kh7 24. Nxg4 hxg4 25. h5 Qe4 26. Qf6
g5 27. Qf7+ Kh8 28. Qf6+ Kh7 29. Qf7+ Kh8 30. Kf1 1/2-1/2

[Event "16. Open Ciutat de Montcada 2008"]
[Site "Montcada i Reixac ESP"]
[Date "2008.06.25"]
[Round "1.5"]
[White "Radulski, Julian"]
[Black "Capellades Subirana, Marc"]
[Result "1-0"]
[WhiteElo "2514"]
[BlackElo "2256"]
[PlyCount "129"]
[EventDate "2008.06.25"]
[EventType "swiss"]
[EventRounds "9"]
[EventCountry "ESP"]
[Source "lmi"]
[SourceDate "2008.06.25"]

1. e4 e5 2. Nf3 Nc6 3. Bb5 a6 4. Ba4 Bc5 5. d3 d6 6. Be3 Bxe3 7. fxe3 Bd7 8.
O-O Nh6 9. Qe1 O-O 10. Nc3 Be6 11. d4 Bg4 12. Rd1 f6 13. Qh4 Ne7 14. Bb3+ Kh8
15. h3 Ng6 16. Qg3 Bd7 17. Rf2 Re8 18. Rdf1 Be6 19. Bxe6 Rxe6 20. h4 Re8 21. h5
Ne7 22. dxe5 dxe5 23. Rd2 Qc8 24. Rfd1 Qg4 25. Qh4 Qxh4 26. Nxh4 Ng4 27. Rd7
Nxe3 28. R1d3 Nxc2 29. Rxc7 Nd4 30. Rxb7 Rab8 31. Rxb8 Rxb8 32. Rd2 Kg8 33. Kf2
Ne6 34. Nd5 Nxd5 35. exd5 Rd8 36. Nf5 Nf4 37. h6 gxh6 38. g3 Ng6 39. b4 Kf8 40.
d6 Kf7 41. Ke3 Ke6 42. Ke4 Nh8 43. Nxh6 Nf7 44. Nxf7 f5+ 45. Kd3 Kxf7 46. Kc4
Ke6 47. Kc5 e4 48. Kc6 Rc8+ 49. Kb7 Kd7 50. Kxa6 Rc6+ 51. Ka7 Rc3 52. a4 Rxg3
53. Kb6 e3 54. Re2 f4 55. a5 Kxd6 56. a6 Rg8 57. a7 Kd5 58. b5 Kd4 59. Rg2 Rf8
60. Rg4 Ke4 61. Rg7 f3 62. Re7+ Kd4 63. Rd7+ Kc4 64. Rf7 Re8 65. Rf4+ 1-0

[Event "16. Open Ciutat de Montcada 2008"]
[Site "Montcada i Reixac ESP"]
[Date "2008.06.25"]
[Round "1.6"]
[White "Fluvia Poyatos, Jordi"]
[Black "Van Hoolandt, Patrick"]
[Result "0-1"]
[WhiteElo "2504"]
[BlackElo "2183"]
[PlyCount "106"]
[EventDate "2008.06.25"]
[EventType "swiss"]
[EventRounds "9"]
[EventCountry "ESP"]
[Source "lmi"]
[SourceDate "2008.06.25"]

1. e4 e5 2. Nf3 Nc6 3. d4 exd4 4. Nxd4 Nf6 5. Nxc6 bxc6 6. e5 Qe7 7. Qe2 Nd5 8.
c4 Nb6 9. Nd2 Qe6 10. a3 a5 11. Qe4 g6 12. Bd3 Bg7 13. f4 O-O 14. O-O Ba6 15.
b3 d5 16. Qe2 Rab8 17. Bb2 Nxc4 18. f5 gxf5 19. Nxc4 Rxb3 20. Bxf5 Bxc4 21. Qg4
Qe7 22. Rf2 Rxb2 23. Rxb2 Qxe5 24. Rab1 Qd4+ 25. Rf2 Qxg4 26. Bxg4 Bd4 27. Bd7
Bb5 28. Rc1 Be3 29. Rcc2 d4 30. g3 Rd8 31. Bg4 d3 32. Rc3 Bd4 33. Rb3 Ba4 34.
Rb1 Bc2 35. Rbf1 Bxf2+ 36. Kxf2 d2 37. Bd1 Bxd1 38. Rxd1 f5 39. Ke2 Kf7 40. g4
fxg4 41. Rf1+ Kg6 42. Kd1 Rd4 43. Rf8 Ra4 44. Rg8+ Kf5 45. Rh8 Kg6 46. Rg8+ Kh5
47. Rg7 h6 48. Rxc7 Rxa3 49. Rxc6 Ra2 50. Rc4 Kh4 51. Rc6 h5 52. Rc5 a4 53. Rb5
a3 0-1

[Event "16. Open Ciutat de Montcada 2008"]
[Site "Montcada i Reixac ESP"]
[Date "2008.06.25"]
[Round "1.7"]
[White "Barbero Senidic, Alejandro"]
[Black "Corrales Jimenez, Fidel"]
[Result "1/2-1/2"]
[WhiteElo "2176"]
[BlackElo "2502"]
[PlyCount "161"]
[EventDate "2008.06.25"]
[EventType "swiss"]
[EventRounds "9"]
[EventCountry "ESP"]
[Source "lmi"]
[SourceDate "2008.06.25"]

1. e4 c5 2. Nf3 g6 3. Nc3 Bg7 4. d4 cxd4 5. Nxd4 Nc6 6. Be3 Nf6 7. Nb3 O-O 8.
Be2 b6 9. O-O Bb7 10. f4 d6 11. a3 Nd7 12. Qe1 Nc5 13. Qf2 Qc8 14. Nxc5 bxc5
15. Rad1 Rb8 16. f5 Ne5 17. Qh4 Bf6 18. Qg3 Kh8 19. fxg6 fxg6 20. b3 Qe6 21.
Nd5 Bg7 22. Nf4 Qg8 23. Bf3 Nxf3+ 24. gxf3 Be5 25. Qg5 Qf7 26. Nd3 Bg7 27. Nf4
Rbe8 28. Nd5 e6 29. Nf4 d5 30. Nd3 Bf6 31. Qg3 dxe4 32. fxe4 Bxe4 33. Ne5 Qg7
34. Nd7 Rf7 35. Nxf6 Rxf6 36. Rxf6 Qxf6 37. Rf1 Qc3 38. Qf2 Bf5 39. Bxc5 Qxc2
40. Qxc2 Bxc2 41. b4 a6 42. Rf7 Kg8 43. Ra7 Bd3 44. Kf2 Bb5 45. Ke3 e5 46. Rc7
Re6 47. Ra7 g5 48. Re7 Rh6 49. Rxe5 Rh3+ 50. Kf2 h6 51. Re7 Rxh2+ 52. Kg3 Ra2
53. Kg4 Rxa3 54. Kf5 Rh3 55. Kf6 g4 56. Rg7+ Kh8 57. Rxg4 h5 58. Rg5 Kh7 59.
Rg7+ Kh6 60. Rg1 Rf3+ 61. Ke5 h4 62. Rh1 h3 63. Rh2 Bf1 64. Kd4 Bg2 65. Bd6 Kh5
66. Kc5 Kg4 67. Kb6 Rf6 68. Kc7 Rxd6 69. Kxd6 Kg3 70. Rxh3+ Bxh3 71. Kc5 Bf1
72. Kd4 Kf2 73. Kc3 Ke1 74. Kb2 Kd2 75. Ka1 Kc2 76. Ka2 Bc4+ 77. Ka1 Kc3 78.
Kb1 Kb3 79. Ka1 Ka3 80. Kb1 Bb3 81. Ka1 1/2-1/2

[Event "16. Open Ciutat de Montcada 2008"]
[Site "Montcada i Reixac ESP"]
[Date "2008.06.25"]
[Round "1.8"]
[White "Cuartas, Jaime Alexander"]
[Black "Gardela Batlle, Jordi"]
[Result "1-0"]
[WhiteElo "2496"]
[BlackElo "2172"]
[PlyCount "99"]
[EventDate "2008.06.25"]
[EventType "swiss"]
[EventRounds "9"]
[EventCountry "ESP"]
[Source "lmi"]
[SourceDate "2008.06.25"]

1. e4 c5 2. Nf3 e6 3. d4 cxd4 4. Nxd4 Nf6 5. Nc3 d6 6. g4 h6 7. h4 Nc6 8. g5
hxg5 9. Bxg5 Qa5 10. Nb3 Qc7 11. Qe2 a6 12. Bg2 Bd7 13. O-O-O Rc8 14. h5 Be7
15. f4 Na5 16. h6 gxh6 17. Bxh6 Nc4 18. Bg5 Rg8 19. Rd3 b5 20. Rh6 b4 21. Nd1
Ng4 22. Qxg4 Ne5 23. Qe2 Qxc2+ 24. Qxc2 Nxd3+ 25. Kd2 Rxc2+ 26. Kxc2 Ne1+ 27.
Kd2 Nxg2 28. Bxe7 Kxe7 29. f5 exf5 30. exf5 Bxf5 31. Nd4 Bd7 32. Nf2 Nf4 33.
Rh4 Ng6 34. Re4+ Ne5 35. Nd3 Rg2+ 36. Kc1 a5 37. Nxe5 dxe5 38. Rxe5+ Be6 39.
Nxe6 fxe6 40. Rxa5 b3 41. axb3 Kd6 42. Kb1 e5 43. Ka2 e4 44. Ra8 Ke5 45. b4 e3
46. b5 Kd4 47. b6 Rg7 48. Rd8+ Kc5 49. Re8 Kxb6 50. Rxe3 1-0

[Event "16. Open Ciutat de Montcada 2008"]
[Site "Montcada i Reixac ESP"]
[Date "2008.06.26"]
[Round "2.2"]
[White "Lopez Martinez, Josep Manuel"]
[Black "Martinez Martin, David"]
[Result "1-0"]
[WhiteElo "2575"]
[BlackElo "2424"]
[PlyCount "81"]
[EventDate "2008.06.25"]
[EventType "swiss"]
[EventRounds "9"]
[EventCountry "ESP"]
[Source "lmi"]
[SourceDate "2008.06.25"]

1. e4 e6 2. d4 d5 3. Nc3 Nf6 4. e5 Nfd7 5. f4 c5 6. Nf3 Nc6 7. Be3 a6 8. Qd2 b5
9. g3 Bb7 10. Ne2 Qc7 11. Bg2 Na5 12. b3 c4 13. O-O Ba3 14. f5 exf5 15. Ng5 h6
16. e6 hxg5 17. exd7+ Kxd7 18. Bxg5 f6 19. Bf4 Qb6 20. Be3 Rae8 21. Rxf5 Rxe3
22. Qxe3 Re8 23. Qf3 Rxe2 24. Qg4 Kc7 25. c3 Qe6 26. b4 Nc6 27. Qxg7+ Kb8 28.
Qf8+ Qc8 29. Qxf6 Ka7 30. Raf1 Bb2 31. R5f3 Nxb4 32. Qd6 Nd3 33. Rf8 Qc6 34.
Qb8+ Kb6 35. Qd8+ Ka7 36. R8f7 Bxc3 37. Bxd5 Bxd4+ 38. Kh1 Nf2+ 39. R1xf2 Rxf2
40. Bxc6 Rf1+ 41. Kg2 1-0

[Event "16. Open Ciutat de Montcada 2008"]
[Site "Montcada i Reixac ESP"]
[Date "2008.06.26"]
[Round "2.3"]
[White "Panelo, Marcelo"]
[Black "Moskalenko, Viktor"]
[Result "0-1"]
[WhiteElo "2403"]
[BlackElo "2572"]
[PlyCount "66"]
[EventDate "2008.06.25"]
[EventType "swiss"]
[EventRounds "9"]
[EventCountry "ESP"]
[Source "lmi"]
[SourceDate "2008.06.25"]

1. d4 Nf6 2. Nf3 d5 3. c4 c6 4. Nc3 dxc4 5. a4 Bf5 6. Nh4 e6 7. Nxf5 exf5 8. e3
Bb4 9. Bxc4 O-O 10. O-O a5 11. Qc2 g6 12. b3 Nbd7 13. Bb2 Nb6 14. Rad1 Nbd5 15.
Nxd5 Nxd5 16. Bxd5 cxd5 17. Rc1 Bd6 18. Qd3 Qd7 19. Rfd1 Rfe8 20. g3 h5 21. Rc5
Bxc5 22. dxc5 Re6 23. Qc3 f6 24. Rd3 Qc6 25. Qd2 Qxc5 26. Rxd5 Qc6 27. h4 b6
28. e4 Rxe4 29. Kh2 Re2 30. Qh6 Kf7 31. Rxf5 Rxb2 32. Qh7+ Ke6 33. Qxg6 Rf8 0-1

[Event "16. Open Ciutat de Montcada 2008"]
[Site "Montcada i Reixac ESP"]
[Date "2008.06.26"]
[Round "2.4"]
[White "Gonzalez Rodriguez, Jorge A"]
[Black "Radulski, Julian"]
[Result "0-1"]
[WhiteElo "2399"]
[BlackElo "2514"]
[PlyCount "80"]
[EventDate "2008.06.25"]
[EventType "swiss"]
[EventRounds "9"]
[EventCountry "ESP"]
[Source "lmi"]
[SourceDate "2008.06.25"]

1. b3 d5 2. e3 Nf6 3. Bb2 Bg4 4. Be2 Bxe2 5. Qxe2 c6 6. Nf3 Nbd7 7. O-O e6 8.
d4 Be7 9. c4 O-O 10. Nc3 Qa5 11. Rfd1 Rfd8 12. a3 dxc4 13. bxc4 Qa6 14. Kf1 Nb6
15. Nd2 c5 16. Nb5 Na4 17. Nb3 Nxb2 18. Qxb2 cxd4 19. exd4 Qc6 20. Qe2 a6 21.
Nc3 Rac8 22. c5 Nd5 23. Nxd5 Rxd5 24. Kg1 Rcd8 25. Rab1 Qa4 26. g3 Bf6 27. Rdc1
h5 28. Rc4 Qd7 29. h4 e5 30. dxe5 Rxe5 31. Re4 Rde8 32. Rxe5 Rxe5 33. Qc4 Qf5
34. Rc1 Qf3 35. Na5 Re2 36. Qf4 Qxa3 37. Nxb7 Be5 38. Qc4 Qf3 39. Rf1 Bxg3 40.
Qd4 Bxf2+ 0-1

[Event "16. Open Ciutat de Montcada 2008"]
[Site "Montcada i Reixac ESP"]
[Date "2008.06.26"]
[Round "2.5"]
[White "Narciso Dublan, Marc"]
[Black "Jerez Perez, Alfonso"]
[Result "1/2-1/2"]
[WhiteElo "2509"]
[BlackElo "2411"]
[PlyCount "57"]
[EventDate "2008.06.25"]
[EventType "swiss"]
[EventRounds "9"]
[EventCountry "ESP"]
[Source "lmi"]
[SourceDate "2008.06.25"]

1. d4 e6 2. c4 Nf6 3. Nc3 Bb4 4. Qc2 d5 5. a3 Bxc3+ 6. Qxc3 O-O 7. cxd5 Qxd5 8.
Nf3 Nc6 9. e3 Ne4 10. Qc2 Qa5+ 11. Nd2 Nd6 12. Qc5 Qxc5 13. dxc5 Nf5 14. b4 Bd7
15. Bb2 Rfd8 16. Nf3 f6 17. Bc4 Kf7 18. Ke2 Nfe7 19. h4 Ng6 20. h5 Nge5 21.
Nxe5+ Nxe5 22. Bxe5 fxe5 23. f4 exf4 24. Raf1 Ke7 25. Rxf4 Rf8 26. Bd3 Rxf4 27.
exf4 h6 28. Rh3 Be8 29. g4 1/2-1/2

[Event "16. Open Ciutat de Montcada 2008"]
[Site "Montcada i Reixac ESP"]
[Date "2008.06.26"]
[Round "2.6"]
[White "Mihailovs, Jurijs"]
[Black "Cuartas, Jaime Alexander"]
[Result "1/2-1/2"]
[WhiteElo "2393"]
[BlackElo "2496"]
[PlyCount "59"]
[EventDate "2008.06.25"]
[EventType "swiss"]
[EventRounds "9"]
[EventCountry "ESP"]
[Source "lmi"]
[SourceDate "2008.06.25"]

1. d4 d5 2. c4 c6 3. Nc3 Nf6 4. e3 a6 5. c5 e5 6. dxe5 Nfd7 7. e4 Nxe5 8. Bf4
Nbd7 9. exd5 Bxc5 10. Nf3 Qe7 11. Nxe5 Nxe5 12. Be2 O-O 13. O-O Rd8 14. Bf3 Qf6
15. Bxe5 Qxe5 16. Qb3 Rb8 17. Rae1 Qc7 18. Ne4 Bf8 19. Rc1 Bf5 20. Nc5 a5 21.
g3 h5 22. Bxh5 Bxc5 23. Rxc5 Be4 24. dxc6 bxc6 25. Qc3 Rd3 26. Qxa5 Qxa5 27.
Rxa5 g6 28. Be2 Rd2 29. Bc4 Rbxb2 30. Rc5 1/2-1/2

[Event "16. Open Ciutat de Montcada 2008"]
[Site "Montcada i Reixac ESP"]
[Date "2008.06.26"]
[Round "2.7"]
[White "Petrov, Marijan"]
[Black "Cruz, Filemon"]
[Result "0-1"]
[WhiteElo "2489"]
[BlackElo "2403"]
[PlyCount "102"]
[EventDate "2008.06.25"]
[EventType "swiss"]
[EventRounds "9"]
[EventCountry "ESP"]
[Source "lmi"]
[SourceDate "2008.06.25"]

1. e4 e6 2. d4 d5 3. e5 c5 4. c3 Nc6 5. Nf3 Qb6 6. a3 c4 7. Nbd2 Na5 8. g3 Bd7
9. h4 Ne7 10. h5 h6 11. Nh4 Nb3 12. Nxb3 Ba4 13. f4 Qxb3 14. Qf3 Qc2 15. Bh3
Nf5 16. Nxf5 exf5 17. O-O Bd7 18. Rf2 Qa4 19. g4 fxg4 20. Bxg4 f5 21. Bh3 Be6
22. Rg2 O-O-O 23. Be3 Kb8 24. Kh2 Qd7 25. Rag1 Bf7 26. Qe2 Rc8 27. Qc2 Be6 28.
Rg6 Rc6 29. R1g2 Rb6 30. Bf2 Qf7 31. Bh4 Bc8 32. Rxb6 axb6 33. Rg6 Be7 34. Bxe7
Qxe7 35. Qg2 Qh4 36. Qf3 Ka7 37. Rxg7 Be6 38. Rg6 Bf7 39. Rf6 Be8 40. Qg3 Qxh5
41. Rxf5 Qd1 42. Qg7 Qc2+ 43. Kg3 Bd7 44. Qxh8 Qxb2 45. Qxh6 Qxc3+ 46. Kg4 Qe3
47. Qh7 Be6 48. Qh6 Bxf5+ 49. Kxf5 c3 50. e6 c2 51. Bg4 c1=Q 0-1

[Event "16. Open Ciutat de Montcada 2008"]
[Site "Montcada i Reixac ESP"]
[Date "2008.06.26"]
[Round "2.8"]
[White "Antoli Royo, Joaquin Miguel"]
[Black "Barsov, Alexei"]
[Result "1/2-1/2"]
[WhiteElo "2386"]
[BlackElo "2480"]
[PlyCount "71"]
[EventDate "2008.06.25"]
[EventType "swiss"]
[EventRounds "9"]
[EventCountry "ESP"]
[Source "lmi"]
[SourceDate "2008.06.25"]

1. e4 e6 2. d4 d5 3. Nd2 c5 4. exd5 Qxd5 5. Ngf3 cxd4 6. Bc4 Qd6 7. O-O Nf6 8.
Nb3 Nc6 9. Nbxd4 Nxd4 10. Nxd4 a6 11. Bb3 Bd7 12. c3 Qc7 13. Qf3 Bd6 14. h3
O-O-O 15. Be3 Kb8 16. Qe2 Bh2+ 17. Kh1 Bf4 18. Bxf4 Qxf4 19. Rfe1 Rc8 20. Nf3
Rhd8 21. Rad1 Be8 22. Qe5+ Qxe5 23. Nxe5 Rxd1 24. Rxd1 Ne4 25. Kg1 Nc5 26. Bc2
f6 27. Nc4 Bg6 28. Bxg6 hxg6 29. Nb6 Rc6 30. Nd7+ Kc7 31. Nxc5 Rxc5 32. Kf1 b5
33. Ke2 Re5+ 34. Kd3 Rd5+ 35. Ke2 Re5+ 36. Kd3 1/2-1/2

[Event "16. Open Ciutat de Montcada 2008"]
[Site "Montcada i Reixac ESP"]
[Date "2008.06.26"]
[Round "2.9"]
[White "Munoz Pantoja, Miguel"]
[Black "Strohhaeker, Raoul"]
[Result "1/2-1/2"]
[WhiteElo "2478"]
[BlackElo "2393"]
[PlyCount "83"]
[EventDate "2008.06.25"]
[EventType "swiss"]
[EventRounds "9"]
[EventCountry "ESP"]
[Source "lmi"]
[SourceDate "2008.06.25"]

1. e4 c5 2. g3 d5 3. exd5 Qxd5 4. Nf3 Bg4 5. Bg2 Qe6+ 6. Kf1 Nc6 7. h3 Bh5 8.
d3 Nf6 9. Nbd2 Qd7 10. a4 e6 11. Nc4 Rd8 12. a5 Be7 13. g4 Bg6 14. a6 b6 15.
Nce5 Nxe5 16. Nxe5 Qc7 17. Bc6+ Kf8 18. Nxg6+ hxg6 19. Qf3 Nd5 20. Bb5 Bd6 21.
Ra4 Qe7 22. g5 Qc7 23. Re4 Kg8 24. h4 Ne7 25. h5 gxh5 26. Rxh5 Rxh5 27. Qxh5 g6
28. Qh3 Nf5 29. Bd2 Be5 30. Bc3 Bxc3 31. bxc3 Kg7 32. Qf3 Qe7 33. Rg4 Rh8 34.
Qf4 e5 35. Qf3 Rh5 36. Qb7 Qe6 37. Bc4 Qe7 38. Bd5 Kf8 39. Qb8+ Kg7 40. Qb7 Kf8
41. Qb8+ Kg7 42. Qb7 1/2-1/2

[Event "16. Open Ciutat de Montcada 2008"]
[Site "Montcada i Reixac ESP"]
[Date "2008.06.26"]
[Round "2.10"]
[White "Abasov, Nijat Azad"]
[Black "Gonzalez Vidal, Yuri"]
[Result "0-1"]
[WhiteElo "2375"]
[BlackElo "2477"]
[PlyCount "84"]
[EventDate "2008.06.25"]
[EventType "swiss"]
[EventRounds "9"]
[EventCountry "ESP"]
[Source "lmi"]
[SourceDate "2008.06.25"]

1. e4 c6 2. Nf3 d5 3. exd5 cxd5 4. c4 Nf6 5. cxd5 Nxd5 6. Bc4 e6 7. O-O Be7 8.
d4 O-O 9. Nc3 Nxc3 10. bxc3 Qc7 11. Qe2 Nd7 12. Bd3 Qxc3 13. Bb2 Qa5 14. d5
Qxd5 15. Rfd1 Qh5 16. g4 Qxg4+ 17. Kh1 Bf6 18. Rg1 Qf4 19. Bc1 Qd6 20. Rb1 g6
21. Rb3 Nc5 22. Ba3 b6 23. Qe3 Bb7 24. Be2 Bd5 25. Rd3 Rfd8 26. Qh6 Bg7 27. Qh4
Qc6 28. Re3 Qa4 29. Rg4 Qc2 30. Bc4 Bb7 31. Kg2 Nd3 32. Be7 Rd7 33. Bg5 h5 34.
Bxd3 Rxd3 35. Rc4 Qd1 36. Rc1 Bxf3+ 37. Kg3 Qxc1 38. Rxd3 Qf1 39. Rxf3 Be5+ 40.
Bf4 Qg1+ 41. Kh3 Qf1+ 42. Kg3 Bf6 0-1

[Event "16. Open Ciutat de Montcada 2008"]
[Site "Montcada i Reixac ESP"]
[Date "2008.06.27"]
[Round "3.1"]
[White "Bruzon Batista, Lazaro"]
[Black "Roy Chowdhury, Saptarshi"]
[Result "1/2-1/2"]
[WhiteElo "2608"]
[BlackElo "2434"]
[PlyCount "123"]
[EventDate "2008.06.25"]
[EventType "swiss"]
[EventRounds "9"]
[EventCountry "ESP"]
[Source "lmi"]
[SourceDate "2008.06.25"]

1. e4 c5 2. Nf3 Nc6 3. Bb5 d6 4. O-O Bd7 5. Re1 Nf6 6. c3 a6 7. Bf1 Bg4 8. h3
Bxf3 9. Qxf3 g6 10. d3 Bg7 11. Nd2 O-O 12. Qd1 b5 13. a3 Nd7 14. Nf3 e5 15. g3
Nb6 16. h4 h5 17. Be3 Qc7 18. Rc1 Ne7 19. d4 c4 20. Rc2 Rad8 21. Rd2 Na4 22.
Bg5 Nb6 23. Bg2 Rde8 24. Qc2 Nc6 25. dxe5 dxe5 26. Red1 f6 27. Be3 Rd8 28. Bh3
Rxd2 29. Rxd2 Rd8 30. Kg2 Kf7 31. g4 hxg4 32. Bxg4 Na4 33. h5 gxh5 34. Bxh5+
Kg8 35. Bg4 Kf7 36. Nh4 Ne7 37. Qd1 Rd3 38. Bh5+ Kg8 39. Qg4 Qc8 40. Qe2 Qc6
41. Bf3 Qd6 42. Rc2 Qc6 43. Rc1 Kf8 44. Rh1 Nc5 45. Rh3 Ne6 46. Rg3 a5 47. Bc1
Qd6 48. Nf5 Nxf5 49. exf5 Nc5 50. Be3 Qc7 51. Bxc5+ Qxc5 52. Qe4 Qa7 53. Qc6
Qd7 54. Qc5+ Rd6 55. Be4 a4 56. Bd5 Ke8 57. Bf3 Bf8 58. Bh5+ Ke7 59. Bg6 Qc6+
60. Qxc6 Rxc6 61. Rh3 Bg7 62. Kf1 1/2-1/2

[Event "16. Open Ciutat de Montcada 2008"]
[Site "Montcada i Reixac ESP"]
[Date "2008.06.27"]
[Round "3.2"]
[White "Cruz, Filemon"]
[Black "Lopez Martinez, Josep Manuel"]
[Result "0-1"]
[WhiteElo "2403"]
[BlackElo "2575"]
[PlyCount "84"]
[EventDate "2008.06.25"]
[EventType "swiss"]
[EventRounds "9"]
[EventCountry "ESP"]
[Source "lmi"]
[SourceDate "2008.06.25"]

1. d4 Nf6 2. Nf3 g6 3. c4 Bg7 4. Nc3 d6 5. e4 O-O 6. Be2 c6 7. O-O e5 8. Qc2
exd4 9. Nxd4 Re8 10. Rd1 Qe7 11. f3 a6 12. Bg5 h6 13. Bh4 Nbd7 14. Rd2 Ne5 15.
Rad1 g5 16. Bf2 Rd8 17. a4 c5 18. Nf5 Bxf5 19. exf5 Nc6 20. Bf1 Rac8 21. Qc1
Qf8 22. Re1 Re8 23. Rxe8 Rxe8 24. Qd1 Rd8 25. h4 Qe7 26. Bd3 Nd4 27. hxg5 hxg5
28. Be4 Qc7 29. Be3 Bh6 30. Qe1 Qc8 31. Qg3 Nxf5 32. Qh3 g4 33. fxg4 Bxe3+ 34.
Kf1 Ng3+ 35. Qxg3 Bxd2 36. Bf5 Qc7 37. g5 Nh5 38. Qh3 Bxc3 39. bxc3 d5 40. g6
Qf4+ 41. Kg1 Nf6 42. cxd5 fxg6 0-1

[Event "16. Open Ciutat de Montcada 2008"]
[Site "Montcada i Reixac ESP"]
[Date "2008.06.27"]
[Round "3.4"]
[White "Radulski, Julian"]
[Black "Vehi Bach, Victor Manuel"]
[Result "1-0"]
[WhiteElo "2514"]
[BlackElo "2381"]
[PlyCount "73"]
[EventDate "2008.06.25"]
[EventType "swiss"]
[EventRounds "9"]
[EventCountry "ESP"]
[Source "lmi"]
[SourceDate "2008.06.25"]

1. e4 c5 2. Nc3 Nc6 3. g3 g6 4. d3 Bg7 5. h4 h5 6. Bg2 d6 7. Nge2 Nf6 8. O-O
O-O 9. Bg5 Rb8 10. Qd2 b5 11. Bh6 Bxh6 12. Qxh6 b4 13. Nd5 Ng4 14. Qd2 e6 15.
Ndf4 Nd4 16. f3 Nf6 17. Nh3 Nxe2+ 18. Qxe2 e5 19. f4 exf4 20. Nxf4 Qe7 21. Qd2
Qe5 22. c3 bxc3 23. bxc3 Kg7 24. Rae1 Bd7 25. d4 cxd4 26. cxd4 Qb5 27. e5 dxe5
28. dxe5 Ng4 29. Kh1 Rb6 30. Qd4 Be6 31. a4 Qb3 32. Rf3 Qc4 33. Nxe6+ Qxe6 34.
Rf4 Rfb8 35. Bd5 Rb1 36. Bxe6 Rxe1+ 37. Kg2 1-0

[Event "16. Open Ciutat de Montcada 2008"]
[Site "Montcada i Reixac ESP"]
[Date "2008.06.27"]
[Round "3.5"]
[White "Gonzalez Vidal, Yuri"]
[Black "Van Hoolandt, Patrick"]
[Result "1-0"]
[WhiteElo "2477"]
[BlackElo "2183"]
[PlyCount "79"]
[EventDate "2008.06.25"]
[EventType "swiss"]
[EventRounds "9"]
[EventCountry "ESP"]
[Source "lmi"]
[SourceDate "2008.06.25"]

1. e4 e5 2. Nf3 Nc6 3. Bc4 Bc5 4. c3 Nf6 5. d3 a6 6. Bb3 Ba7 7. O-O O-O 8. Bg5
h6 9. Bh4 d6 10. Nbd2 Be6 11. Nc4 Re8 12. Ne3 Qe7 13. Re1 Bxe3 14. Rxe3 Rab8
15. Bc2 b5 16. b4 Kh8 17. a4 Rg8 18. d4 exd4 19. Nxd4 Ne5 20. axb5 axb5 21. Nf5
Qd8 22. f4 Ng6 23. Bg3 Re8 24. Nd4 Bd7 25. Re1 Ra8 26. Rxa8 Qxa8 27. e5 Bg4 28.
Qd2 Nh5 29. e6 c5 30. exf7 Rxe1+ 31. Qxe1 Nf8 32. Qe8 Qc8 33. Nxb5 cxb4 34.
Qxc8 Bxc8 35. Nxd6 Be6 36. cxb4 g6 37. f5 gxf5 38. Be5+ Kh7 39. g4 Ng7 40. gxf5
1-0

[Event "16. Open Ciutat de Montcada 2008"]
[Site "Montcada i Reixac ESP"]
[Date "2008.06.27"]
[Round "3.6"]
[White "Jerez Perez, Alfonso"]
[Black "Peralta, Fernando"]
[Result "0-1"]
[WhiteElo "2411"]
[BlackElo "2546"]
[PlyCount "70"]
[EventDate "2008.06.25"]
[EventType "swiss"]
[EventRounds "9"]
[EventCountry "ESP"]
[Source "lmi"]
[SourceDate "2008.06.25"]

1. e4 d6 2. d4 Nf6 3. Nc3 g6 4. Bg5 Bg7 5. e5 Nfd7 6. exd6 cxd6 7. Qd2 Nc6 8.
O-O-O Qa5 9. Nf3 Nf6 10. Bc4 h6 11. Be3 Bd7 12. h3 Rc8 13. Bb3 b5 14. d5 Nb8
15. Qd4 Rc7 16. Bd2 b4 17. Ne4 Na6 18. g4 O-O 19. Nxf6+ Bxf6 20. Qe3 Nc5 21.
Kb1 Nxb3 22. axb3 Rfc8 23. Nd4 Rb8 24. c4 bxc3 25. Bxc3 Qxd5 26. Rhe1 Qc5 27.
Qxh6 e5 28. b4 Qc4 29. Nc2 Ba4 30. Rxd6 Bxc2+ 31. Kxc2 Qxb4 32. Rxf6 Qxb2+ 33.
Kd1 Qxc3 34. Ke2 e4 35. Rd6 Qc4+ 0-1